Catálogo público

Como se Congelán y Conservan los Alimentos en Casa / Carlos Gómez (Record no. 209310)

MARC details
000 -CABECERA
campo de control de longitud fija 00656nam a2200229Ia 4500
001 - NÚMERO DE CONTROL
campo de control dia_2849
003 - IDENTIFICADOR DEL NÚMERO DE CONTROL
campo de control CHAP
005 - FECHA Y HORA DE LA ÚLTIMA TRANSACCIÓN
campo de control 20251021153323.0
008 - DATOS DE LONGITUD FIJA--INFORMACIÓN GENERAL
campo de control de longitud fija 220601s9999 xx 000 0 und d
040 ## - FUENTE DE LA CATALOGACIÓN
Centro/agencia transcriptor CHAP
082 ## - NÚMERO DE LA CLASIFICACIÓN DECIMAL DEWEY
Número de clasificación 664.8 G6
100 ## - ENTRADA PRINCIPAL--NOMBRE DE PERSONA
Nombre de persona Gómez, Carlos
9 (RLIN) 175796
245 ## - MENCIÓN DE TÍTULO
Título Como se Congelán y Conservan los Alimentos en Casa / Carlos Gómez
260 ## - PUBLICACIÓN, DISTRIBUCIÓN, ETC.
Lugar de publicación, distribución, etc. Barcelona, de Vecchi
300 ## - DESCRIPCIÓN FÍSICA
Extensión 94 p.
500 ## - NOTA GENERAL
Nota general C.1 c/ec. 2 fot.
650 ## - PUNTO DE ACCESO ADICIONAL DE MATERIA--TÉRMINO DE MATERIA
Término de materia o nombre geográfico como elemento de entrada 1. Refrigeración 2. Alimentos - conservaciónÌ
9 (RLIN) 175797
901 ## - ELEMENTOS DE DATOS A LOCAL LDA (RLIN)
a 664.8 G6
902 ## - ELEMENTOS DE DATOS B LOCAL, LDB (RLIN)
a M
905 ## - ELEMENTOS DE DATOS E LOCAL, LDE (RLIN)
a 0000001983 sp 0000000000spa00
942 ## - ELEMENTOS DE PUNTO DE ACCESO ADICIONAL (KOHA)
Tipo de ítem Koha Libro
Fuente del sistema de clasificación o colocación Dewey Decimal Classification
Holdings
Estado de retiro Estado de pérdida Fuente del sistema de clasificación o colocación Estado dañado No para préstamo Código de colección Localización permanente Ubicación/localización actual Ubicación en estantería Fecha de adquisición Total de préstamos Código de barras Fecha visto por última vez Fecha del último préstamo Número de copia Precio válido a partir de Tipo de ítem Koha
    Dewey Decimal Classification     General Ingenieria Agroindustrial Ingenieria Agroindustrial   01/06/2022 1 dia_6118 30/08/2024 30/08/2024 2 01/06/2022 Libro
    Dewey Decimal Classification     General Ingenieria Agroindustrial Ingenieria Agroindustrial   01/06/2022 1 dia_2415 30/08/2024 30/08/2024 1 01/06/2022 Libro